Bài tập ngữ văn 6
Sách là tài liệu tham khảo giúp giáo viên, học sinh trung học cơ sở có thêm tư liệu để dạy và học tốt hơn bộ môn Ngữ văn.
Gespeichert in:
| Format: | Buch |
|---|---|
| Sprache: | Undetermined |
| Veröffentlicht: |
Hà Nội
Giáo Dục
2006
|
| Schlagworte: | |
| Tags: |
Tag hinzufügen
Keine Tags, Fügen Sie den ersten Tag hinzu!
|
| Thư viện lưu trữ: | Trung tâm Học liệu Trường Đại học Cần Thơ |
|---|
| LEADER | 00743nam a2200205Ia 4500 | ||
|---|---|---|---|
| 001 | CTU_116251 | ||
| 008 | 210402s9999 xx 000 0 und d | ||
| 020 | |c 3300 | ||
| 082 | |a 495.9220712 | ||
| 082 | |b B103/T.1/L.6 | ||
| 245 | 0 | |a Bài tập ngữ văn 6 | |
| 245 | 0 | |c Nguyễn Khắc Phi ... [et al.] | |
| 260 | |a Hà Nội | ||
| 260 | |b Giáo Dục | ||
| 260 | |c 2006 | ||
| 520 | |a Sách là tài liệu tham khảo giúp giáo viên, học sinh trung học cơ sở có thêm tư liệu để dạy và học tốt hơn bộ môn Ngữ văn. | ||
| 650 | |a Vietnamese language | ||
| 650 | |x Study and teaching | ||
| 904 | |i Tuyến | ||
| 980 | |a Trung tâm Học liệu Trường Đại học Cần Thơ | ||